Catalog

Record Details

Catalog Search



Women's votes, women's voices : the campaign for ... Read More

Available copies

  • 1 of 1 copy available at LARL/NWRL Consortium.
  • 1 of 1 copy available at Lake Agassiz Regional Library. (Show preferred library)

Current holds

0 current holds with 1 total copy.

Show All Copies
Location Call Number / Copy Notes Barcode Shelving Location Status Due Date
Ada Public Library 324.623 STE (Text) 33500011085909 Main Available -

Record details

  • ISBN: 9780917048746 (pbk. : alk. paper)
  • ISBN: 0917048741 (pbk. : alk. paper)
  • Physical Description: xiii, 114 p. : ill. (some col.), ports. ; 28 cm.
  • Edition: 1st ed.
  • Publisher: Tacoma, Wash. : Washington State Historical Society, c2009.

Content descriptions

Bibliography, etc. Note:
Includes bibliographical references (p. 106-109), ... Read More
Formatted Contents Note:
Gearing up for the fight -- Suffrage successes and ... Read More
Subject: Women > Suffrage > Washington (State) > History.
Women's rights > Washington (State) > History.
LDR 01713cam a2200349 a 4500
001120184
003LARL_NWRL_CONSORTIUM
00520100702123828.0
008090219s2009 wauac b 001 0 eng
010 . ‡a2009007456
020 . ‡a9780917048746 (pbk. : alk. paper)
020 . ‡a0917048741 (pbk. : alk. paper)
035 . ‡a(OCoLC)316512873
040 . ‡aDLC ‡cDLC ‡dBTCTA ‡dYDXCP ‡dC#P ‡dWRJ ‡dCDX ‡dUCDLL ‡dORX ‡dUPP
043 . ‡an-us-wa
08200. ‡a324.6/2309797 ‡222
1001 . ‡aStevenson, Shanna. ‡0(LARL_NWRL_CONSORTIUM)181523
24510. ‡aWomen's votes, women's voices : ‡bthe campaign for equal rights in Washington / ‡cShanna Stevenson.
250 . ‡a1st ed.
260 . ‡aTacoma, Wash. : ‡bWashington State Historical Society, ‡cc2009.
300 . ‡axiii, 114 p. : ‡bill. (some col.), ports. ; ‡c28 cm.
504 . ‡aIncludes bibliographical references (p. 106-109), chronologies, and index.
5050 . ‡aGearing up for the fight -- Suffrage successes and failures -- The twentieth-century campaign -- Women change the political landscape -- Modern Washington women pursue equal rights -- Women making a difference.
650 0. ‡aWomen ‡xSuffrage ‡zWashington (State) ‡xHistory.
650 0. ‡aWomen's rights ‡zWashington (State) ‡xHistory.
7102 . ‡aWashington State Historical Society. ‡0(LARL_NWRL_CONSORTIUM)180578
901 . ‡a120184 ‡bOCLC ‡c120184 ‡tbiblio

Additional Resources